000 00683nam a2200253Ia 4500
003 OSt
005 20220925191449.0
006 a|||||r|||| 00| 0
007 ta
008 220923b |||||||| |||| 00| 0 eng d
020 _a8171180302
037 _cGeneral Book
040 _aRTL
_cRTL
_beng
041 _2eng
_aeng
082 _aX:1:(Z).2.N8, N0
100 _aSaraf D N
245 0 _aLaw of consumer protection in India
260 _aBombay
_bN M Tripathi
_c1990
300 _axviii,259p.
_ccm.
500 _aAppendix: P237-254
650 _aConsumption Economics
942 _hX:1:(Z).2.N8, N0
_cGB
_2CC
999 _c518557
_d518557